000 00985cab a2200265 4500
001 WB3520-16
008 090401t1999 xxu||||| |||| 00| 0 eng d
035 _a(Sirsi) u93550
041 _aeng
245 _aRisky lending on property
260 _c1999
350 _a0
490 _aEstates Gazette
_v(9902) 22 May 1999, 65(1)
520 _aFPD Savills has warned that banks could be getting into risky lending on property by ignoring the implications of low inflation. Loan-to-value ratios of 90% are regularly offered, but with little rental and capital growth over a ten year term, depreciation and obsolescence can erode the value of property by as much as 40%.
650 _aBANK LOANS
650 _aDEPRECIATION
650 _aINFLATION
650 _aINSTITUTIONAL INVESTMENT
650 _aOBSOLESCENCE
650 _aPROPERTY INVESTMENT
650 _aPROPERTY LENDERS
690 _aPROPERTY-PROPERTY FINANCE AND INVESTMENT
942 _n0
948 _c25/05/1999
999 _c59280
_d59280